Συνεισφορά της σχεδίασης πληροφορίας σε μουσεία : περίπτωση των βιομηχανικών μουσείων : διπλωματική εργασία

Η διπλωματική εργασία μελετά τη συνεισφορά της σχεδίασης πληροφορίας σε μουσεία και το πως και γιατί αυτή κρίνεται απαραίτητη. Συγκεκριμένα θα μελετηθεί ο ρόλος της πληροφορίας (κείμενα, βίντεο, παρουσιάσεις κτλ.) που συνοδεύει τα εκθέματα κυρίως στα βιομηχανική μουσεία....

Πλήρης περιγραφή

Αποθηκεύτηκε σε:
Λεπτομέρειες βιβλιογραφικής εγγραφής
Κύριος συγγραφέας: Μαρούλη, Μύριαμ
Συγγραφή απο Οργανισμό/Αρχή: Πανεπιστήμιο Αιγαίου. Τμήμα Μηχανικών Σχεδίασης Προϊόντων και Συστημάτων
Άλλοι συγγραφείς: Δαρζέντα, Τζένη (Εισηγητής διατριβής)
Μορφή: Thesis Βιβλίο
Γλώσσα:Greek
Δημοσίευση: 2012
Θέματα:
Διαθέσιμο Online:http://hdl.handle.net/11610/9013
Ετικέτες: Προσθήκη ετικέτας
Δεν υπάρχουν, Καταχωρήστε ετικέτα πρώτοι!

MARC

LEADER 00000cam a2200000 i 4500
001 1/24812
008 130122s2012 gre d
035 |l 10113530 
040 |a GR-MY-UA  |b gre  |e aacr 
041 0 |a gre 
082 0 |a 069  |2 (22) 
100 1 |a Μαρούλη, Μύριαμ. 
245 1 0 |a Συνεισφορά της σχεδίασης πληροφορίας σε μουσεία :  |b περίπτωση των βιομηχανικών μουσείων : διπλωματική εργασία /  |c Μύριαμ Μαρούλη ; επιβλέπουσα καθηγήτρια: Τζένη Δαρζέντα 
260 |c 2012 
300 |a 144 φύλλα;  |b εικ.;  |c 30 εκ. 
500 |a Διάθεση πλήρους κειμένου περιορισμένης πρόσβασης (μόνο από μέλη του Παν. Αιγαίου), με κλειδωμένη τη δυνατότητα αντιγραφής του κειμένου 
502 |a Πτυχιακή εργασία – Πανεπιστήμιο Αιγαίου, Σύρος, 2012. 
504 |a Βιβλιογραφία: σ. 123-127 
520 |a Η διπλωματική εργασία μελετά τη συνεισφορά της σχεδίασης πληροφορίας σε μουσεία και το πως και γιατί αυτή κρίνεται απαραίτητη. Συγκεκριμένα θα μελετηθεί ο ρόλος της πληροφορίας (κείμενα, βίντεο, παρουσιάσεις κτλ.) που συνοδεύει τα εκθέματα κυρίως στα βιομηχανική μουσεία. 
650 0 0 |a Communication in museums. 
650 0 0 |a Industrial museums. 
650 0 0 |a Museum techniques. 
650 0 0 |a Museum visitors. 
650 0 0 |a Dissertations, Academic  |z Greece. 
700 1 |a Δαρζέντα, Τζένη.  |4 ths 
710 2 |a Πανεπιστήμιο Αιγαίου.   |b Τμήμα Μηχανικών Σχεδίασης Προϊόντων και Συστημάτων. 
852 |a INST  |b SYROS  |c DIATR  |e 20130415  |h 069 ΜΑΡ  |p 005500010650  |q 005500010650  |t DIE  |y 23 
852 |a INST  |b SYROS  |c DIATR  |e 20130415  |h 069 ΜΑΡ  |p 005500010651  |q 005500010651  |t DIE  |y 23 
856 |u http://hdl.handle.net/11610/9013 
901 |a BIBL5-2012-1 
909 |a Ε  |b 174031 
909 |a Ε  |b 174032 
924 |a ΜΑΡΟΥΛΗ  |b ΜΥΡΙΑΜ  |y ΣΥΡΟΣ  |z 2012-07 
970 |a ΚΟΝΤΟΥ  |b ΠΑΡΑΣΚΕΥΗ  |z 2013/01/22